00723 2200241 4500001002100000005001700021008004100038020001800079035002500097040001200122082002200134084002400156100001800180245010400198260003300302300003400335504002600369650002400395700001900419700002000438700001100458850001200469INLIS00000000001319520150919113740.0  a979-28-0737-0 a0010-091500000001708 aYOPDYOG 2[23]a398.2095982 aT 398.2095982 Bay C aBAYU WIBISANA aCerita rakyat Jawac/ Bayu Wibisana, Nanik Herawati ; editor, Nunung Yuli Eti ; ilustrator, Jumadi. aKlatenbIntan Pariwarac2010 aiv, 68 hlm.b: ilus.c; 21 cm aBibliografi : hlm. 68 aOrang JawaxFolklor aNanik Herawati aNunung Yuli Eti aJumadi aYOPDYOG